000 00890nam a2200277 i 4500
001 12363
003 ES-MaACL
005 20230906150309.0
007 t|
008 921013s1990 sp ||||0| spa d
016 7 _zSIC92007163
020 _a84-87137-47-4
040 _aSIC
_bspa
_cSIC
080 _a013(460.41)
080 _a929(460.41)
245 0 0 _aEnsayistas canarios /
_cEdición de Alfonso Armas Ayala.
260 _aSanta Cruz de Tenerife :
_bViceconsejería de Cultura y Deportes,
_c1990.
300 _a297 p ;
_c21 cm.
490 1 _aBiblioteca básica canaria ;
_v17
650 1 4 _aEnsayistas canarios-
_vBibliografías.
_912275
700 1 _aArmas Ayala, Alfonso.
_922925
710 1 _aCanarias.
_bViceconsejería de Cultura y Deportes.
_92427
830 0 _aBiblioteca básica canaria ;
_v17
_9177611
852 _aES-MaACL
_jL-19742
_bR.122351
999 _c12363
_d12363